Dějiny Jižní Afriky /

Hlavní autor: Hulec, Otakar, 1935-
Jazyk: Čeština
Vydáno: Praha : Nakladatelství Lidové noviny, 1997
Edice: Dějiny států
Témata:
Externí odkaz: Digitalizovaný dokument
Fyzický popis: 345 s. : il., mapy ; 22 cm
Knihy
Uloženo v:
LEADER 01468nam a2200385 a 4500
001 000208040
003 CZ BrMZK
005 20160527095008.0
007 ta
008 970107s1997 xr f cze d
015 |a cnb000273956 
020 |a 80-7106-247-2 
035 |a (OCoLC)38761380 
040 |a BOA001  |b cze 
043 |a f-sa---  |a fs----- 
080 |a 94(680)  |2 MRF 
080 |a 94(6-13)  |2 MRF 
080 |a (048.8)  |2 MRF 
100 1 |a Hulec, Otakar,  |d 1935-  |7 jn20010310036  |4 aut 
245 1 0 |a Dějiny Jižní Afriky /  |c Otakar Hulec. 
260 |a Praha :  |b Nakladatelství Lidové noviny,  |c 1997 
300 |a 345 s. :  |b il., mapy ;  |c 22 cm 
490 1 |a Dějiny států 
504 |a Obsahuje bibliografii 
651 7 |a Afrika jižní  |7 ge128639  |x dějiny  |2 czenas 
651 7 |a Jihoafrická republika  |7 ge128494  |x dějiny  |2 czenas 
655 7 |a přehledy  |7 fd133202  |2 czenas 
830 0 |a Dějiny států  |0 s 
856 4 1 |u http://www.digitalniknihovna.cz/mzk/uuid/uuid:e4197120-cf0b-11e4-8565-005056827e52  |y Digitalizovaný dokument  |x NDK 
910 |a BOA001  |b PK-0127.935  |b 2-1036.808 
920 |a 000226712 
990 |a BK 
996 6 |b 2610061236  |c 2-1036.808  |l MZK  |r Sklad / do 1 hodiny  |n 13  |p p.v.  |w 000208040  |u 000040  |a 1  |e BOA001  |j MZK50  |s P 
996 7 |b 3119008586  |c PK-0127.935  |l MZK  |r Sklad / do 1 hodiny  |n 4  |p kup  |w 000208040  |u 000050  |a 1  |e BOA001  |j MZK50  |s A 
996 7 |b 3119008587  |c PK-0127.935  |l MZK  |r Sklad / do 1 hodiny  |n 49  |p kup  |w 000208040  |u 000060  |a 1  |e BOA001  |j MZK50  |s A